Economía, fetichismo y religión en las sociedades primitivas / (Record no. 72766)

MARC details
000 -LEADER
campo de control de longitud fija 00968nam a2200301 i 4500
001 - NÚMERO DE CONTROL
campo de control 72766
003 - IDENTIFICADOR DE NÚMERO DE CONTROL
campo de control ES-MaACL
005 - FECHA Y HORA DE LA ÚLTIMA TRANSACCIÓN
campo de control 20250728113925.0
007 - CAMPO FIJO DE DESCRIPCIÓN FÍSICA--INFORMACIÓN GENERAL
campo de control de longitud fija t|
008 - DATOS DE LONGITUD FIJA--INFORMACIÓN GENERAL
campo de control de longitud fija 040902s1974 mx ||||1| spa d
020 ## - NÚMERO INTERNACIONAL ESTÁNDAR DEL LIBRO
Número Internacional Estándar del Libro 84-323-0163-9
080 ## - NÚMERO DE LA CLASIFICACIÓN DECIMAL UNIVERSAL
Número de la Clasificación Decimal Universal 330.342.11
080 ## - NÚMERO DE LA CLASIFICACIÓN DECIMAL UNIVERSAL
Número de la Clasificación Decimal Universal 308:571
100 1# - ENTRADA PRINCIPAL--NOMBRE DE PERSONA
Nombre de persona Godelier, Maurice.
9 (RLIN) 57517
245 10 - MENCIÓN DEL TÍTULO
Título Economía, fetichismo y religión en las sociedades primitivas /
Mención de responsabilidad, etc. Maurice Godelier ; [traducción de Celia Amorós e Ignacio Romero de Solís].
250 ## - MENCION DE EDICION
Mención de edición 1ª ed.
260 ## - PUBLICACIÓN, DISTRIBUCIÓN, ETC.
Lugar de publicación, distribución, etc. México :
Nombre del editor, distribuidor, etc. Siglo Veintiuno,
Fecha de publicación, distribución, etc. 1974.
300 ## - DESCRIPCIÓN FÍSICA
Extensión 391 p. ;
Dimensiones 21 cm.
490 1# - MENCIÓN DE SERIE
Mención de serie Antropología
650 #7 - PUNTO DE ACCESO ADICIONAL DE MATERIA--TÉRMINO DE MATERIA
Término de materia o nombre geográfico como elemento de entrada Antropología económica
Fuente del encabezamiento o término embne
9 (RLIN) 167730
650 #7 - PUNTO DE ACCESO ADICIONAL DE MATERIA--TÉRMINO DE MATERIA
Término de materia o nombre geográfico como elemento de entrada Religiones primitivas
Fuente del encabezamiento o término embne
9 (RLIN) 16825
650 #4 - PUNTO DE ACCESO ADICIONAL DE MATERIA--TÉRMINO DE MATERIA
Término de materia o nombre geográfico como elemento de entrada Sociedad primitiva.
9 (RLIN) 17177
700 1# - ENTRADA AGREGADA--NOMBRE PERSONAL
Nombre de persona Amorós, Celia.
9 (RLIN) 21310
700 1# - ENTRADA AGREGADA--NOMBRE PERSONAL
Nombre de persona Romero de Solís, Ignacio.
9 (RLIN) 99374
830 1# - PUNTO DE ACCESO ADICIONAL DE SERIE-TÍTULO UNIFORME
Título uniforme Antropología
9 (RLIN) 182635
852 4# - LOCALIZACIÓN
Ubicación ES-MaACL
Número de control de estantería E-6815
Holdings
Estatus retirado Estado de pérdida Estado de daño No para préstamo Biblioteca de origen Biblioteca actual Ubicación en estantería Fecha de adquisición Fuente de adquisición Total de préstamos Signatura topográfica completa Código de barras Visto por última vez Precio de reemplazo Tipo de ítem Koha
        Biblioteca del Ateneo de Madrid Biblioteca del Ateneo de Madrid Depósito 2 17/01/2008     E-6815 1076173 23/02/2023 23/02/2023 Libro impreso